LEADER 01031nam0 22002891i 450 001 UON00276577 005 20231205103818.723 010 $a88-430-3606-8 100 $a20060505d2006 |0itac50 ba 101 $aita 102 $aIT 105 $a|||| 1|||| 200 1 $aGesł Messia?$eUn dilemma storico$fGiorgio Jossa 210 $aRoma$cCarocci$d2006 215 $a144 p.$d22 cm 410 1$1001UON00272088$12001 $aFrecce$v23 606 $aGESU' CRISTO$3UONC026303$2FI 620 $aIT$dRoma$3UONL000004 686 $aVOA VII BA$cVICINO ORIENTE ANTICO - RELIGIONE - CRISTIANESIMO$2A 700 1$aJOSSA$bGiorgio$3UONV153355$0159825 712 $aCarocci$3UONV252662$4650 801 $aIT$bSOL$c20240220$gRICA 899 $aSIBA - SISTEMA BIBLIOTECARIO DI ATENEO$2UONSI 912 $aUON00276577 950 $aSIBA - SISTEMA BIBLIOTECARIO DI ATENEO$dSI VOA VII BA 347 N $eSI SA 116768 5 347 N 996 $aGesł Messia$91241540 997 $aUNIOR